| 000 | 00515nam a22001817a 4500 | ||
|---|---|---|---|
| 003 | MPLRDC | ||
| 005 | 20220104142359.0 | ||
| 008 | 210129b ||||| |||| 00| 0 eng d | ||
| 020 | _a7-80037-790-3 | ||
| 082 | _a310.7 BJJS v.5 | ||
| 100 | _a北京景山学校小学部家庭辅导十钟编写组 | ||
| 245 |
_a小学数学家庭辅导10分钟. 五年级 _c |
||
| 250 | _a一版三刷 | ||
| 260 |
_a _b中国和平出版社 _c1993 |
||
| 300 | _b平 | ||
| 650 | _a小学数学总论 | ||
| 942 |
_cBK _o310.7 BJJS v.5 |
||
| 999 |
_c30396 _d30386 |
||